Catálogo
 En Linea

Tres ensayos : (Registro nro. 31223)

Detalles MARC
000 -CABECERA
campo de control de longitud fija 00756nam a2200169 a 4500
001 - NÚMERO DE CONTROL
campo de control 000031731
005 - FECHA Y HORA DE LA ÚLTIMA TRANSACCIÓN
campo de control 20240228185352.0
008 - DATOS DE LONGITUD FIJA--INFORMACIÓN GENERAL
campo de control de longitud fija 110630s2000 dr a 000 e spa d
040 ## - FUENTE DE LA CATALOGACIÓN
Centro catalogador/agencia de origen DO-SdBNP
Lengua de catalogación spa
Centro/agencia transcriptor BNPHU
082 ## - NÚMERO DE LA CLASIFICACIÓN DECIMAL DEWEY
Número de clasificación xxx
Número de documento/Ítem A948t
049 ## - FONDOS LOCALES (OCLC)
Fondos de biblioteca BNPD
100 1# - ENTRADA PRINCIPAL--NOMBRE DE PERSONA
Nombre de persona Avelino , Francisco Antonio,
Fechas asociadas al nombre 1935-
9 (RLIN) 55440
245 10 - MENCIÓN DE TÍTULO
Título Tres ensayos :
Resto del título el manifiesto comunista de 1848 visto desde la perspectiva del ocaso del siglo XX. Martí hispanoamericanista, periodista pensador. Influencia del jainismo en la acción política y el pensamiento de Gandhi /
Mención de responsabilidad, etc. Francisco Antonio Avelino.
260 ## - PUBLICACIÓN, DISTRIBUCIÓN, ETC.
Lugar de publicación, distribución, etc. Santo Domingo :
Nombre del editor, distribuidor, etc. Academia de Ciencias de la República Dominicana,
Fecha de publicación, distribución, etc. 2000.
300 ## - DESCRIPCIÓN FÍSICA
Extensión 62 p. :
Otras características físicas il. ;
Dimensiones 21 cm.
500 ## - NOTA GENERAL
Nota general Incluye notas al pie de las páginas.
Existencias
Estado de retiro Estado de pérdida No para préstamo Código de colección Localización permanente Ubicación/localización actual Ubicación en estantería Fecha de adquisición Número de inventario Total de préstamos Signatura topográfica completa Código de barras Fecha visto por última vez Precio válido a partir de Tipo de ítem Koha
    Excluido de préstamo Patrimonio Dominicano Patrimonio Dominicano Patrimonio Dominicano Depósito 30.06.2011 LF1   xxx A948t 31731-10 25.06.2020 25.06.2020 Libro y Folleto Colección Patrimonio Dominicano

Con tecnología Koha